[Event "Quebec op inv."]
[Site "Montreal CAN"]
[Date "2013.07.22"]
[Round "3.7"]
[White "Jiang, Louie"]
[Black "Chirila, Ioan Christian"]
[Result "0-1"]
[WhiteElo "2324"]
[BlackElo "2528"]
[PlyCount "72"]
[GameId "2160767909305276"]
[EventDate "2013.07.21"]
[EventType "swiss"]
[EventRounds "9"]
[EventCountry "CAN"]

1. c4 Nf6 2. g3 g6 3. Bg2 d5 4. Nf3 Bg7 5. O-O O-O 6. cxd5 Nxd5 7. Nc3 Nc6 8. Re1 Nxc3 9. bxc3 b6 10. Ba3 Rb8 11. Qc2 Na5 12. Bb4 Nc6 13. Ba3 Bb7 14. d3 Na5 15. Bb4 Nc6 16. Ba3 Qd7 17. Rac1 Rfe8 18. c4 e5 19. Bb2 Nb4 20. Qb3 c5 21. Nd2 Bxg2 22. Kxg2 f5 23. Rcd1 Nc6 24. Nf1 Rbd8 25. Bc3 g5 26. h3 Re6 27. Ne3 Rf8 28. g4 Ne7 29. Nxf5 Nxf5 30. gxf5 Rxf5 31. f3 h5 32. Rh1 g4 33. Qc2 gxf3+ 34. exf3 Rg6+ 35. Kf2 Rxf3+ 36. Ke1 Re3+ 0-1

[Event "Quebec op inv."]
[Site "Montreal CAN"]
[Date "2013.07.22"]
[Round "3.12"]
[White "Sambuev, Bator"]
[Black "Calugar, Arthur"]
[Result "1/2-1/2"]
[WhiteElo "2530"]
[BlackElo "2282"]
[PlyCount "106"]
[GameId "2160767909305277"]
[EventDate "2013.07.21"]
[EventType "swiss"]
[EventRounds "9"]
[EventCountry "CAN"]

1. d4 Nf6 2. Nf3 g6 3. Nc3 d5 4. Bf4 Bg7 5. e3 Nh5 6. Be5 f6 7. Bg3 Nxg3 8. hxg3 Be6 9. Qe2 Qd7 10. e4 Nc6 11. O-O-O f5 12. exd5 Bxd5 13. Nxd5 Qxd5 14. c4 Qa5 15. a3 O-O-O 16. d5 Qb6 17. b4 Nd4 18. Nxd4 Bxd4 19. Rh4 e5 20. dxe6 Bf6 21. Rxd8+ Rxd8 22. e7 Bxh4 23. e8=Q Rxe8 24. Qxe8+ Bd8 25. c5 Qf6 26. Kc2 Qe7 27. Qg8 c6 28. Bc4 a5 29. Qe6+ Kc7 30. Qxe7+ Bxe7 31. Bg8 h6 32. Bh7 g5 33. Bxf5 axb4 34. axb4 b6 35. cxb6+ Kxb6 36. Kc3 c5 37. Kc4 cxb4 38. Kd5 Bc5 39. f3 h5 40. Bg6 Bf2 41. f4 gxf4 42. gxf4 h4 43. f5 Bc5 44. f6 b3 45. Ke6 Kc7 46. Bf5 Bb4 47. Bd3 Ba3 48. Bc4 b2 49. Ba2 Bb4 50. Ke5 Kd7 51. Bb1 Ke8 52. Kf5 Kf8 53. Kg5 Be1 1/2-1/2

[Event "Quebec op inv."]
[Site "Montreal CAN"]
[Date "2013.07.22"]
[Round "3.19"]
[White "Song, Michael"]
[Black "Adithya, B."]
[Result "1-0"]
[WhiteElo "2242"]
[BlackElo "2301"]
[PlyCount "87"]
[GameId "2160767909305282"]
[EventDate "2013.07.21"]
[EventType "swiss"]
[EventRounds "9"]
[EventCountry "CAN"]

1. d4 Nf6 2. c4 g6 3. Nc3 d5 4. Nf3 Bg7 5. Qb3 dxc4 6. Qxc4 O-O 7. e4 a6 8. Be2 b5 9. Qb3 c5 10. dxc5 Be6 11. Qc2 Nbd7 12. Be3 Rc8 13. Rd1 b4 14. Nd5 Bxd5 15. exd5 Nxc5 16. O-O Qa5 17. Bc4 Nce4 18. Qe2 Nd6 19. Bb3 Qb5 20. Rfe1 Nd7 21. Bg5 Qxe2 22. Rxe2 Bf6 23. Rxe7 Bxg5 24. Rxd7 Ne4 25. Nxg5 Nxg5 26. f3 h5 27. Re7 h4 28. f4 Nh7 29. d6 Kg7 30. d7 Rcd8 31. Rd6 a5 32. Ba4 Nf6 33. Rd1 Ra8 34. Rde1 Rfd8 35. Re8 Nxd7 36. Bxd7 Kf6 37. g3 g5 38. fxg5+ Kxg5 39. Bc6 Rxe8 40. Rxe8 Ra6 41. Bf3 a4 42. Re4 hxg3 43. hxg3 a3 44. Rxb4 1-0

[Event "Quebec op inv."]
[Site "Montreal CAN"]
[Date "2013.07.22"]
[Round "3.20"]
[White "Voskanyan, Vahagn"]
[Black "Rodriguez, Eric"]
[Result "0-1"]
[WhiteElo "2241"]
[BlackElo "2290"]
[PlyCount "152"]
[GameId "2160767909305283"]
[EventDate "2013.07.21"]
[EventType "swiss"]
[EventRounds "9"]
[EventCountry "CAN"]

1. Nf3 d5 2. d4 c6 3. c4 Nf6 4. Nc3 dxc4 5. a4 Bf5 6. e3 e6 7. Bxc4 Bb4 8. O-O O-O 9. Qe2 Bg6 10. Ne5 Nbd7 11. Nxg6 hxg6 12. Rd1 Qa5 13. e4 e5 14. d5 Nb6 15. dxc6 bxc6 16. Bb3 Rad8 17. Qf3 Rxd1+ 18. Nxd1 Bd2 19. g3 Nbd7 20. Bc2 Nc5 21. Ne3 Bxc1 22. Rxc1 Qb4 23. Bb1 Nxa4 24. Nc4 Nd7 25. Ba2 Qe7 26. Rd1 Nf6 27. Nd6 Nxb2 28. Rd2 Na4 29. Qb3 Nc5 30. Qc4 Nfd7 31. Qc3 Qf6 32. Kg2 g5 33. h3 g6 34. Qa5 Kg7 35. Qxa7 Qd8 36. Nxf7 Qe7 37. Nd6 Qf6 38. Qc7 Qf3+ 39. Kg1 Qc3 40. Nc4 Kh6 41. Qxc6 Nd3 42. Qxd7 Nxf2 43. Nxe5 Qc1+ 44. Rd1 Qxd1+ 45. Qxd1 Nxd1 46. Ng4+ Kg7 47. e5 Nc3 48. Be6 Ne4 49. Kg2 Nc5 50. Bc4 Rf5 51. Ba2 Rf8 52. Bc4 Ra8 53. Bd5 Rd8 54. Bc4 Ra8 55. Bd5 Ra6 56. Bc4 Ra4 57. Bd5 Rd4 58. Bc6 Kf7 59. Bb5 Ke7 60. Bc6 Rd3 61. Bb5 Rc3 62. Bc6 Rc2+ 63. Kf3 Ne6 64. Be4 Nd4+ 65. Ke3 Nf5+ 66. Kf3 Rc3+ 67. Kf2 Ke6 68. Bb1 Ra3 69. Be4 Ra2+ 70. Kf3 Ra3+ 71. Kf2 Rb3 72. Bf3 Rb2+ 73. Kg1 Nxg3 74. Bc6 Ne2+ 75. Kh1 Nf4 76. Be8 Nxh3 0-1

[Event "Quebec op inv."]
[Site "Montreal CAN"]
[Date "2013.07.22"]
[Round "3.24"]
[White "Lo, Ryan"]
[Black "Caire, Francois"]
[Result "1/2-1/2"]
[WhiteElo "2068"]
[BlackElo "2178"]
[PlyCount "96"]
[GameId "2160767909305286"]
[EventDate "2013.07.21"]
[EventType "swiss"]
[EventRounds "9"]
[EventCountry "CAN"]

1. d4 Nf6 2. c4 e6 3. Nc3 Bb4 4. e3 O-O 5. Bd3 d5 6. Nf3 b6 7. O-O Bb7 8. a3 Bd6 9. b3 Nbd7 10. Nb5 Be7 11. Bb2 a6 12. Nc3 Bd6 13. Ne2 dxc4 14. bxc4 c5 15. Ng3 Qc7 16. Qc2 Rac8 17. Nd2 h6 18. Rac1 cxd4 19. exd4 Bf4 20. Rfd1 Rfe8 21. Ngf1 Qc6 22. f3 e5 23. Rb1 b5 24. Qb3 exd4 25. Bxd4 Nc5 26. cxb5 Qd6 27. Bxc5 Qxc5+ 28. Kh1 Bd5 29. Qa4 Bxd2 30. Rxd2 axb5 31. Qxb5 Qc3 32. a4 Bc6 33. Qb4 Qxb4 34. Rxb4 Re1 35. Kg1 Nd5 36. Rb1 Rxb1 37. Bxb1 Nc3 38. Bf5 Re8 39. a5 Bb5 40. Bd3 Ra8 41. Bxb5 Nxb5 42. Ra2 Kf8 43. Kf2 Ke7 44. Ng3 Nd4 45. Ne4 Nc6 46. a6 Nb4 47. Ra4 Nxa6 48. Ke3 Nc7 1/2-1/2

[Event "Quebec op inv."]
[Site "Montreal CAN"]
[Date "2013.07.22"]
[Round "3.25"]
[White "Berube, Antoine"]
[Black "Tessier-Desrosiers, Olivier"]
[Result "1/2-1/2"]
[WhiteElo "2174"]
[BlackElo "2106"]
[PlyCount "85"]
[GameId "2160767909305287"]
[EventDate "2013.07.21"]
[EventType "swiss"]
[EventRounds "9"]
[EventCountry "CAN"]

1. c4 Nf6 2. Nc3 c5 3. Nf3 Nc6 4. g3 g6 5. Bg2 Bg7 6. d4 cxd4 7. Nxd4 Nxd4 8. Qxd4 d6 9. O-O O-O 10. Qd3 Qa5 11. e4 Qh5 12. f3 Rd8 13. Be3 b6 14. Nb5 Nd7 15. Qe2 Bb7 16. g4 Qe5 17. Rab1 Rdc8 18. b3 Nc5 19. Bd4 Qf4 20. Be3 Qe5 21. Qd2 Qe6 22. Bd4 Bxd4+ 23. Nxd4 Qf6 24. Rbe1 e5 25. g5 Qe7 26. Nb5 Ne6 27. Bh3 Rd8 28. Bxe6 fxe6 29. h4 d5 30. exd5 exd5 31. Qe3 a6 32. Nd4 dxc4 33. bxc4 Qd7 34. Ne2 Qh3 35. Qxe5 Bxf3 36. Qg3 Qxg3+ 37. Nxg3 Rd3 38. Ne4 Bxe4 39. Rxe4 Rd2 40. Rf6 Rad8 41. Rxb6 Rxa2 42. Rb1 Rc2 43. Rbe1 1/2-1/2

[Event "Quebec op inv."]
[Site "Montreal CAN"]
[Date "2013.07.22"]
[Round "3.26"]
[White "Zhou, Qiyu"]
[Black "Ibrahim, Anthony"]
[Result "1-0"]
[WhiteElo "1902"]
[BlackElo "2161"]
[PlyCount "113"]
[GameId "2160767909305288"]
[EventDate "2013.07.21"]
[EventType "swiss"]
[EventRounds "9"]
[EventCountry "CAN"]

1. e4 c5 2. Nf3 Nc6 3. d4 cxd4 4. Nxd4 Nf6 5. Nc3 e5 6. Ndb5 d6 7. Bg5 a6 8. Na3 b5 9. Nd5 Be7 10. Bxf6 Bxf6 11. c4 b4 12. Nc2 O-O 13. h4 Be6 14. g3 Rb8 15. b3 Bxd5 16. cxd5 Nd4 17. Bxa6 g6 18. O-O Bg7 19. Nxd4 exd4 20. Rc1 f5 21. exf5 Rxf5 22. Qd2 Kh8 23. Bc4 Qb6 24. Rce1 d3 25. Qxd3 Rbf8 26. Re2 Rf3 27. Re3 R3f5 28. Re2 Rf3 29. Re3 R3f5 30. Qe2 Qd8 31. Re4 Be5 32. Kg2 g5 33. hxg5 Qxg5 34. Rg4 Qf6 35. Bd3 Rf3 36. Bxh7 Bd4 37. Bd3 Rxf2+ 38. Rxf2 Qxf2+ 39. Kh3 Qxe2 40. Bxe2 Bc5 41. Re4 Ra8 42. g4 Rxa2 43. g5 Rb2 44. Bc4 Kg7 45. Re6 Rf2 46. Kg3 Rf7 47. Kg4 Ra7 48. Kh5 Rc7 49. Rg6+ Kh8 50. Bd3 Rh7+ 51. Kg4 Rh1 52. Kf5 Rh2 53. Ke6 Rf2 54. Rf6 Rh2 55. Kf7 Be3 56. Rxd6 Bxg5 57. Re6 1-0

[Event "Quebec op inv."]
[Site "Montreal CAN"]
[Date "2013.07.23"]
[Round "4.5"]
[White "Gerzhoy, Leonid"]
[Black "Hambleton, Aman"]
[Result "1-0"]
[WhiteElo "2462"]
[BlackElo "2480"]
[PlyCount "59"]
[GameId "2160767909305290"]
[EventDate "2013.07.21"]
[EventType "swiss"]
[EventRounds "9"]
[EventCountry "CAN"]

1. d4 Nf6 2. Nf3 e6 3. e3 c5 4. Bd3 b6 5. O-O Bb7 6. c4 Be7 7. Nc3 a6 8. b3 d6 9. Bb2 Nbd7 10. d5 exd5 11. cxd5 O-O 12. e4 Ng4 13. h3 Nge5 14. Nxe5 Nxe5 15. f4 Nxd3 16. Qxd3 Bf6 17. Rae1 Bd4+ 18. Kh1 b5 19. Nd1 Bxb2 20. Nxb2 Re8 21. Nd1 Qf6 22. Ne3 Rad8 23. Ng4 Qh4 24. f5 h5 25. Nh2 Rd7 26. f6 gxf6 27. Re3 Rde7 28. Nf3 c4 29. bxc4 bxc4 30. Qe2 1-0

[Event "Quebec op inv."]
[Site "Montreal CAN"]
[Date "2013.07.23"]
[Round "4.10"]
[White "Shetty, Atulya"]
[Black "Oliva Castaneda, Kevel"]
[Result "1/2-1/2"]
[WhiteElo "2314"]
[BlackElo "2423"]
[PlyCount "115"]
[GameId "2160767909305292"]
[EventDate "2013.07.21"]
[EventType "swiss"]
[EventRounds "9"]
[EventCountry "CAN"]

1. c4 g6 2. g3 Bg7 3. Bg2 d6 4. Nc3 Nf6 5. e4 O-O 6. Nge2 c5 7. O-O Nc6 8. d3 a6 9. h3 Rb8 10. f4 Ne8 11. a4 Nc7 12. Kh2 Bd7 13. Nd5 b5 14. axb5 axb5 15. Nxc7 Qxc7 16. Nc3 bxc4 17. dxc4 Nd4 18. Nd5 Qd8 19. f5 Nb3 20. f6 exf6 21. Ra6 Bc8 22. Nxf6+ Bxf6 23. Rxd6 Qe7 24. Rdxf6 Nxc1 25. Qxc1 Qe5 26. R6f2 Be6 27. Qc2 Rb4 28. b3 Ra8 29. Rf3 Ra3 30. Rd3 Kg7 31. Rf2 Rb6 32. Qd1 Ra1 33. Qf3 Ra3 34. h4 Ra7 35. Bh3 Bxh3 36. Kxh3 Re7 37. Re2 Rf6 38. Qg2 Ra7 39. Rf3 Rxf3 40. Qxf3 Re7 41. Qf4 Qe6+ 42. Kh2 Rd7 43. h5 f6 44. e5 gxh5 45. exf6+ Qxf6 46. Re5 Rd2+ 47. Kh3 Qxf4 48. gxf4 Rd3+ 49. Kh4 Rxb3 50. Rxh5 Rc3 51. Rxc5 Kg6 52. f5+ Kf6 53. Kg4 h5+ 54. Kxh5 Rg3 55. Kh4 Rg1 56. Kh3 Rg5 57. Kh4 Rxf5 58. Rc8 1/2-1/2

[Event "Quebec op inv."]
[Site "Montreal CAN"]
[Date "2013.07.23"]
[Round "4.11"]
[White "Rodriguez, Eric"]
[Black "Sambuev, Bator"]
[Result "0-1"]
[WhiteElo "2290"]
[BlackElo "2530"]
[PlyCount "174"]
[GameId "2160767909305293"]
[EventDate "2013.07.21"]
[EventType "swiss"]
[EventRounds "9"]
[EventCountry "CAN"]

1. e4 e6 2. d4 d5 3. exd5 exd5 4. Nf3 Nc6 5. Bb5 Bd6 6. c4 dxc4 7. O-O Nge7 8. Bxc4 O-O 9. h3 Nf5 10. Be3 Nxe3 11. fxe3 Qe7 12. Qd2 Nd8 13. Nc3 Be6 14. Bd3 c5 15. a3 Kh8 16. Rae1 f6 17. Qc2 Bg8 18. Nh4 Qd7 19. Qf2 Nf7 20. Bf5 Qd8 21. Be6 Nh6 22. Bxg8 Kxg8 23. Ne4 cxd4 24. exd4 Bc7 25. Qe3 Bb6 26. Nc5 Qd5 27. b4 Rf7 28. g4 Rd8 29. Nf3 Qd6 30. Kg2 Bc7 31. Qf2 Bb8 32. Re6 Qd5 33. Rfe1 b6 34. Nd3 Rff8 35. Qe3 Nf7 36. Nf4 Bxf4 37. Qxf4 Ng5 38. Re7 Rc8 39. R1e3 Rc2+ 40. Kg3 Nxf3 41. Qxf3 Qxd4 42. Rd3 Qg1+ 43. Kh4 Kh8 44. Rdd7 Qc1 45. Rxg7 Qh6+ 46. Kg3 Qxg7 47. Rxg7 Kxg7 48. Qd3 Rc7 49. Kh4 Rff7 50. Qd4 Rcd7 51. Qc3 Rd5 52. a4 Rfd7 53. b5 Rd4 54. a5 Rd3 55. Qe1 bxa5 56. Qxa5 Re3 57. Qa4 Rdd3 58. g5 Rxh3+ 59. Kg4 Rhg3+ 60. Kh4 Rh3+ 61. Kg4 Rdg3+ 62. Kf5 Rxg5+ 63. Ke6 Re5+ 64. Kd6 Rd3+ 65. Kc6 Re6+ 66. Kc5 Rd7 67. Qg4+ Kf7 68. Qh5+ Kf8 69. Qh6+ Kg8 70. Qh3 Re5+ 71. Kb4 Rde7 72. Ka5 Kg7 73. Ka6 Rg5 74. b6 axb6 75. Kxb6 h6 76. Kc6 Rge5 77. Kd6 f5 78. Qh5 R5e6+ 79. Kd5 Rf6 80. Qh4 f4 81. Qg4+ Kh7 82. Qf3 Rf5+ 83. Kd6 Re3 84. Qb7+ Kg6 85. Qg2+ Rg3 86. Qe4 Rgg5 87. Qe8+ Kg7 0-1

[Event "Quebec op inv."]
[Site "Montreal CAN"]
[Date "2013.07.23"]
[Round "4.16"]
[White "Thavandiran, Shiyam"]
[Black "Song, Michael"]
[Result "1-0"]
[WhiteElo "2338"]
[BlackElo "2242"]
[PlyCount "51"]
[GameId "2160767909305297"]
[EventDate "2013.07.21"]
[EventType "swiss"]
[EventRounds "9"]
[EventCountry "CAN"]

1. e4 c6 2. d4 d5 3. e5 Bf5 4. h4 h5 5. c4 dxc4 6. Bxc4 e6 7. Ne2 Ne7 8. Bg5 Qb6 9. Bb3 Nd5 10. O-O Be7 11. Bxe7 Nxe7 12. Na3 Qd8 13. Nc4 Nc8 14. Ne3 Qxh4 15. Nxf5 exf5 16. e6 fxe6 17. Bxe6 Nd6 18. d5 c5 19. Rc1 Na6 20. Rc3 g6 21. Rg3 Qf6 22. Nf4 g5 23. Qa4+ Kf8 24. Qd7 Ne4 25. Bxf5 Nb8 26. Ne6+ 1-0

[Event "Quebec op inv."]
[Site "Montreal CAN"]
[Date "2013.07.23"]
[Round "4.17"]
[White "Villavieja, Butch"]
[Black "Jiang, Louie"]
[Result "0-1"]
[WhiteElo "2211"]
[BlackElo "2324"]
[PlyCount "78"]
[GameId "2160767909305298"]
[EventDate "2013.07.21"]
[EventType "swiss"]
[EventRounds "9"]
[EventCountry "CAN"]

1. e4 c5 2. Nf3 a6 3. Nc3 e6 4. d4 cxd4 5. Nxd4 Qc7 6. Bd3 Nf6 7. a3 b5 8. Be3 Bb7 9. Qe2 d6 10. f4 Nbd7 11. O-O Be7 12. Kh1 O-O 13. Bg1 Rfe8 14. Rae1 e5 15. Nf5 Bf8 16. Qd2 h6 17. Rf3 Re6 18. Rh3 Rae8 19. Rf1 Nc5 20. fxe5 Nfxe4 21. Nxe4 Nxe4 22. Qe2 Ng5 23. Rg3 dxe5 24. h4 e4 25. Bxb5 axb5 26. hxg5 Re5 27. Bh2 Qd7 28. Qg4 Bc8 29. gxh6 Rxf5 30. Rd1 Rf1+ 31. Rxf1 Qxg4 32. Rxg4 Bxg4 33. h7+ Kxh7 34. Rxf7 e3 35. Bg3 e2 36. Be1 Kg6 37. Rf4 Bc8 38. b4 Bd6 39. Rd4 Bb8 0-1

[Event "Quebec op inv."]
[Site "Montreal CAN"]
[Date "2013.07.23"]
[Round "4.19"]
[White "Van Heirzeele, Daniel"]
[Black "Kleinman, Michael"]
[Result "1/2-1/2"]
[WhiteElo "2116"]
[BlackElo "2298"]
[PlyCount "65"]
[GameId "2160767909305299"]
[EventDate "2013.07.21"]
[EventType "swiss"]
[EventRounds "9"]
[EventCountry "CAN"]

1. d4 Nf6 2. c4 g6 3. Nc3 d5 4. Nf3 Bg7 5. Qb3 dxc4 6. Qxc4 O-O 7. e4 Nc6 8. Be2 e5 9. d5 Nd4 10. Nxd4 exd4 11. Qxd4 c6 12. Qc4 b5 13. Qxc6 Bd7 14. Qd6 Re8 15. Bg5 b4 16. Qxb4 Nxd5 17. Nxd5 Qxg5 18. O-O Rab8 19. Qd6 Bh3 20. Nf4 Bg4 21. Bxg4 Be5 22. Qd7 Qxf4 23. g3 Qxe4 24. Rfe1 Qb4 25. Rad1 Re7 26. a3 Rxd7 27. axb4 Rxd1 28. Bxd1 Bxb2 29. Re7 Rxb4 30. Rxa7 Bd4 31. Ra2 Rb1 32. Rd2 Bc3 33. Rd3 1/2-1/2

[Event "Quebec op inv."]
[Site "Montreal CAN"]
[Date "2013.07.23"]
[Round "4.20"]
[White "Sapozhnikov, Roman"]
[Black "Tomb, Maroun"]
[Result "1/2-1/2"]
[WhiteElo "2272"]
[BlackElo "2133"]
[PlyCount "137"]
[GameId "2160767909305300"]
[EventDate "2013.07.21"]
[EventType "swiss"]
[EventRounds "9"]
[EventCountry "CAN"]

1. e4 c5 2. Nf3 Nc6 3. d4 cxd4 4. Nxd4 g6 5. c4 Bg7 6. Be3 Nf6 7. Nc3 Ng4 8. Qxg4 Nxd4 9. Qd1 Ne6 10. Qd2 Qa5 11. Rc1 b6 12. b3 Bb7 13. Nd5 Qxd2+ 14. Kxd2 Rc8 15. g3 Nd4 16. Bg2 e6 17. Nc3 f5 18. Kd3 Nc6 19. Nb5 Be5 20. a3 a6 21. Nd4 Nxd4 22. Bxd4 Bxd4 23. Kxd4 Ke7 24. f4 Rc7 25. Rhg1 fxe4 26. Rge1 Rhc8 27. Bxe4 Bxe4 28. Rxe4 h5 29. Re5 Kf6 30. h3 b5 31. c5 d6 32. Rg5 dxc5+ 33. Rgxc5 Rd8+ 34. Ke3 Rcd7 35. R1c3 Rd1 36. g4 Rh1 37. g5+ Ke7 38. Rc7+ Rd7 39. Rxd7+ Kxd7 40. Ke4 Kd6 41. Rd3+ Ke7 42. Kd4 Rf1 43. Kc5 Rxf4 44. Kb6 e5 45. Kxa6 e4 46. Rd4 Ke6 47. Kxb5 Ke5 48. Rd1 e3 49. a4 Ke4 50. a5 e2 51. Re1 Kd3 52. a6 Kd2 53. Rxe2+ Kxe2 54. a7 Rf8 55. Kc6 Kd3 56. b4 Kc4 57. b5 Rc8+ 58. Kb7 Rh8 59. a8=Q Rxa8 60. Kxa8 Kxb5 61. h4 Kc6 62. Kb8 Kd7 63. Kb7 Ke6 64. Kc6 Kf5 65. Kd5 Kg4 66. Ke6 Kxh4 67. Kf6 Kg3 68. Kxg6 h4 69. Kf5 1/2-1/2

[Event "Quebec op inv."]
[Site "Montreal CAN"]
[Date "2013.07.23"]
[Round "4.22"]
[White "Adithya, B."]
[Black "Cao, Jason"]
[Result "1-0"]
[WhiteElo "2301"]
[BlackElo "2060"]
[PlyCount "83"]
[GameId "2160767909305302"]
[EventDate "2013.07.21"]
[EventType "swiss"]
[EventRounds "9"]
[EventCountry "CAN"]

1. Nf3 c5 2. g3 g6 3. Bg2 Bg7 4. c4 Nc6 5. Nc3 d6 6. O-O e5 7. a3 Nge7 8. b4 O-O 9. Rb1 Rb8 10. d3 b6 11. Bg5 h6 12. Bd2 Be6 13. Ne1 Qd7 14. Nd5 f5 15. b5 Nd8 16. Nxe7+ Qxe7 17. Nc2 f4 18. a4 Qd7 19. Ne1 Bh3 20. e3 Bxg2 21. Kxg2 fxg3 22. hxg3 d5 23. cxd5 Qxd5+ 24. Kg1 Ne6 25. Qg4 Kh7 26. Rc1 Rbd8 27. Rc4 Qd6 28. Bc3 Rf7 29. Qe2 Ng5 30. Rh4 Rdf8 31. Qg4 Nf3+ 32. Nxf3 Rxf3 33. Qe4 R8f5 34. g4 Rf7 35. g5 R7f5 36. gxh6 Bxh6 37. Kg2 Qf8 38. Bxe5 Rxf2+ 39. Rxf2 Rxf2+ 40. Kg3 Rf5 41. Bf4 g5 42. Bxg5 1-0

[Event "Quebec op inv."]
[Site "Montreal CAN"]
[Date "2013.07.23"]
[Round "4.23"]
[White "Hamilton, Robert"]
[Black "Lo, Ryan"]
[Result "1-0"]
[WhiteElo "2251"]
[BlackElo "2068"]
[PlyCount "115"]
[GameId "2160767909305303"]
[EventDate "2013.07.21"]
[EventType "swiss"]
[EventRounds "9"]
[EventCountry "CAN"]

1. d4 Nf6 2. c4 g6 3. Nc3 d5 4. cxd5 Nxd5 5. Bd2 Bg7 6. e4 Nb6 7. Be3 Nc6 8. Nf3 O-O 9. Qd2 Bg4 10. O-O-O Qd7 11. Be2 e6 12. e5 Nd5 13. h3 Bxf3 14. Bxf3 Ncb4 15. Kb1 Nxc3+ 16. Qxc3 Nd5 17. Qb3 Nxe3 18. Qxe3 c6 19. h4 Rfd8 20. h5 Qc7 21. hxg6 hxg6 22. Rc1 Qb6 23. Rc4 Rd7 24. Qc3 Rad8 25. Rh4 Bf8 26. Qe3 a5 27. Be2 Qc7 28. Re4 b5 29. Rc3 Qb6 30. Qc1 Rxd4 31. Rxc6 Qa7 32. Qe3 Qb7 33. Rxd4 Rxd4 34. Bf3 Qd7 35. Ra6 a4 36. Bc6 Rd1+ 37. Kc2 Qd4 38. Qxd4 Rxd4 39. Bxb5 Rd5 40. Bxa4 Rxe5 41. Kd3 Rd5+ 42. Ke2 Bh6 43. Rb6 Rd2+ 44. Ke1 Kf8 45. Rb7 Rd4 46. Bc2 Bd2+ 47. Ke2 Bc1 48. Bd3 e5 49. b3 e4 50. Bc4 Rd2+ 51. Ke1 f5 52. a4 Ra2 53. Rf7+ Ke8 54. Rf6 Bf4 55. g3 Ra1+ 56. Ke2 Ra2+ 57. Kf1 Bc7 58. Rxg6 1-0

[Event "Quebec op inv."]
[Site "Montreal CAN"]
[Date "2013.07.23"]
[Round "4.27"]
[White "Ibrahim, Anthony"]
[Black "Wan, Kevin"]
[Result "1/2-1/2"]
[WhiteElo "2161"]
[BlackElo "2006"]
[PlyCount "88"]
[GameId "2160767909305307"]
[EventDate "2013.07.21"]
[EventType "swiss"]
[EventRounds "9"]
[EventCountry "CAN"]

1. d4 d5 2. c4 c6 3. Nf3 Nf6 4. g3 e6 5. Bg2 Bd6 6. O-O Nbd7 7. Nc3 O-O 8. b3 b6 9. Bb2 Bb7 10. Re1 Re8 11. e4 Nxe4 12. Nxe4 dxe4 13. Rxe4 Nf6 14. Re2 c5 15. Rd2 Qe7 16. Re2 cxd4 17. Qxd4 Rad8 18. Qc3 Ba3 19. Bxa3 Qxa3 20. Rae1 Qd6 21. Ne5 Bxg2 22. Kxg2 Nd7 23. Rd2 Qc7 24. Red1 Nxe5 25. Rxd8 Rxd8 26. Rxd8+ Qxd8 27. Qxe5 h6 28. b4 Qd7 29. c5 bxc5 30. bxc5 f6 31. Qe4 Kf7 32. c6 Qc7 33. Qc4 Ke7 34. Qc5+ Ke8 35. a4 a5 36. f4 Kf7 37. Kf3 g5 38. fxg5 fxg5 39. Ke4 Kg6 40. Qb5 Kf6 41. Qb2+ Ke7 42. Qg7+ Kd6 43. Qe5+ Kxc6 44. Qxe6+ Qd6 1/2-1/2

[Event "Quebec op inv."]
[Site "Montreal CAN"]
[Date "2013.07.24"]
[Round "5"]
[White "Rozentalis, Eduardas"]
[Black "Chirila, Ioan Christian"]
[Result "1/2-1/2"]
[WhiteElo "2619"]
[BlackElo "2528"]
[PlyCount "61"]
[GameId "2160767909305308"]
[EventDate "2013.07.21"]
[EventType "swiss"]
[EventRounds "9"]
[EventCountry "CAN"]

1. e4 e5 2. Nf3 Nc6 3. Nc3 Nf6 4. g3 Bc5 5. Bg2 d6 6. d3 a6 7. O-O O-O 8. h3 h6 9. Be3 Bxe3 10. fxe3 d5 11. exd5 Nxd5 12. Nxd5 Qxd5 13. Kh2 Qd6 14. Nh4 g6 15. Bxc6 Qxc6 16. e4 Qe6 17. g4 h5 18. Kg3 Kg7 19. Qf3 Qe7 20. Qe3 hxg4 21. hxg4 Rh8 22. Rh1 Bd7 23. Raf1 c5 24. Rh2 g5 25. Nf5+ Bxf5 26. Rxf5 f6 27. Rff2 Rxh2 28. Rxh2 Rh8 29. Rxh8 Kxh8 30. Qf2 Kg7 31. Qf5 1/2-1/2

[Event "Quebec op inv."]
[Site "Montreal CAN"]
[Date "2013.07.24"]
[Round "5.5"]
[White "Sambuev, Bator"]
[Black "Moradiabadi, Elshan"]
[Result "0-1"]
[WhiteElo "2530"]
[BlackElo "2551"]
[PlyCount "130"]
[GameId "2160767909305309"]
[EventDate "2013.07.21"]
[EventType "swiss"]
[EventRounds "9"]
[EventCountry "CAN"]

1. d4 d5 2. c4 e6 3. Nc3 Be7 4. Nf3 Nf6 5. Bg5 h6 6. Bh4 O-O 7. e3 b6 8. Bd3 Bb7 9. O-O Nbd7 10. Qe2 c5 11. Rad1 Ne4 12. Bg3 Nxg3 13. hxg3 cxd4 14. Nxd4 Bf6 15. cxd5 Bxd4 16. exd4 Bxd5 17. Nxd5 exd5 18. Qf3 Nf6 19. Rfe1 Qd6 20. Re5 Rae8 21. Qe2 g6 22. a3 Kg7 23. Re1 Rc8 24. f3 Rc7 25. Kf2 Nd7 26. Re7 Rfc8 27. Qd2 Nf6 28. R7e5 Ng8 29. g4 Re7 30. Qe3 Rcc7 31. Qf4 Re6 32. Qg3 Ree7 33. g5 hxg5 34. Qxg5 Rxe5 35. dxe5 Qc5+ 36. Kg3 Re7 37. Qf4 Re6 38. Rc1 Qe7 39. Re1 Qc7 40. Qd4 Ne7 41. f4 Qc5 42. Qe3 Rc6 43. Kf3 Nf5 44. Qxc5 bxc5 45. g4 Nd4+ 46. Ke3 g5 47. f5 Rh6 48. f6+ Kg8 49. Bf5 Rh3+ 50. Kf2 Rh2+ 51. Ke3 Rxb2 52. Rh1 Re2+ 53. Kd3 Nxf5 54. gxf5 Rxe5 55. Rc1 c4+ 56. Kd4 Rxf5 57. Rb1 Rxf6 58. Kxd5 c3 59. Rb8+ Kg7 60. Rc8 Rf3 61. Ke4 g4 62. Rc7 Kg6 63. Rxa7 f5+ 64. Ke5 g3 65. Ra8 c2 0-1

[Event "Quebec op inv."]
[Site "Montreal CAN"]
[Date "2013.07.24"]
[Round "5.10"]
[White "Jiang, Louie"]
[Black "Perez Rodriguez, Luis Manuel"]
[Result "0-1"]
[WhiteElo "2324"]
[BlackElo "2427"]
[PlyCount "176"]
[GameId "2160767909305312"]
[EventDate "2013.07.21"]
[EventType "swiss"]
[EventRounds "9"]
[EventCountry "CAN"]

1. e4 e5 2. Nf3 Nc6 3. Bc4 Nf6 4. d3 Be7 5. O-O O-O 6. Bb3 d5 7. Nbd2 Bg4 8. c3 Bh5 9. h3 Bc5 10. Qe2 Bg6 11. Rd1 Nh5 12. Nf1 d4 13. Bd5 Qf6 14. g3 Rae8 15. b4 Bb6 16. Bxc6 bxc6 17. cxd4 exd4 18. a4 a6 19. Ba3 Qe6 20. Ng5 Qd7 21. Kh2 f5 22. e5 f4 23. Qd2 Kh8 24. e6 fxg3+ 25. fxg3 Qd6 26. Qg2 Rf5 27. Ne4 Qxe6 28. a5 Ba7 29. Nfd2 Nf6 30. Nxf6 Qxf6 31. Rf1 Rxf1 32. Rxf1 Qe6 33. Rf3 h6 34. Bb2 Qa2 35. Ne4 Bxe4 36. dxe4 Qb1 37. Rf4 Qe1 38. Qf3 Qd2+ 39. Kh1 Qe1+ 40. Kg2 Qd2+ 41. Qf2 Qxb4 42. e5 Qc5 43. Bxd4 Qd5+ 44. Kh2 Bxd4 45. Rxd4 Qxa5 46. e6 Qe5 47. Ra4 a5 48. Qa2 Rxe6 49. Rxa5 Qe4 50. h4 Kh7 51. Qf2 Rf6 52. Qd2 Rd6 53. Qf2 Rd5 54. Ra2 Rf5 55. Qg2 Qxg2+ 56. Kxg2 Kg6 57. Ra7 Rf7 58. Ra6 Kf5 59. Rxc6 Ke5 60. Rc1 Kd6 61. Rd1+ Ke7 62. Re1+ Kd7 63. Rd1+ Ke8 64. g4 c6 65. Rc1 Kd7 66. Kg3 Kd6 67. Rd1+ Ke5 68. Rc1 Kd5 69. Rd1+ Ke4 70. Re1+ Kd4 71. Rd1+ Ke3 72. Re1+ Kd3 73. Rd1+ Ke2 74. Rc1 Rc7 75. Kf4 c5 76. Ke5 c4 77. Kd6 Rc8 78. Kd7 Kd2 79. Rf1 Ra8 80. Rf2+ Ke3 81. Rf5 c3 82. Rc5 Kd3 83. Ke7 Ra7+ 84. Kf8 c2 85. g5 hxg5 86. hxg5 Rb7 87. g6 Kd2 88. Rd5+ Kc3 0-1

[Event "Quebec op inv."]
[Site "Montreal CAN"]
[Date "2013.07.24"]
[Round "5.11"]
[White "Oliva Castaneda, Kevel"]
[Black "Cheng, Bindi"]
[Result "1-0"]
[WhiteElo "2423"]
[BlackElo "2406"]
[PlyCount "89"]
[GameId "2160767909305313"]
[EventDate "2013.07.21"]
[EventType "swiss"]
[EventRounds "9"]
[EventCountry "CAN"]

1. e4 c5 2. Nc3 d6 3. Nge2 Nf6 4. d4 cxd4 5. Nxd4 a6 6. Bc4 e6 7. Bb3 b5 8. O-O Be7 9. Qf3 Qb6 10. Be3 Qb7 11. Qg3 O-O 12. Bh6 Ne8 13. Rfe1 Kh8 14. Bg5 Nf6 15. a3 Qc7 16. Rad1 Bb7 17. Bxe6 fxe6 18. Nxe6 Qc8 19. Bxf6 Bxf6 20. Nxf8 Qxf8 21. Qxd6 Be7 22. Qb6 Bc6 23. b4 Qc8 24. Qd4 Nd7 25. e5 Qb7 26. Ne4 Qb6 27. c3 Kg8 28. Ng3 Rf8 29. c4 bxc4 30. Qxc4+ Kh8 31. Qc2 g6 32. Qd2 Ba4 33. Rc1 Kg7 34. Ne4 Rf5 35. Qb2 Qe6 36. Ng3 Rg5 37. f4 Rg4 38. Qf2 Bd8 39. Qf3 h5 40. h3 Bb6+ 41. Kh2 Rxg3 42. Qxg3 Qf5 43. e6 Nf6 44. Re5 h4 45. Qf3 1-0